Holiday Quiz

Random Holiday or Christmas Quiz
Score 0/6 Timer 00:30
0 Plays Today
% Correct
white chrismas
88.2%
all i want for christmas
87.1%
i want a hippo for christmas
87.1%
let it snow
76.3%
last christmas
75.3%
rocking around the chritmas tree
72%

You're not logged in!

Compare scores with friends on all Sporcle quizzes.
OR
Log In

Sporcle TV

Today on Sporcle TV


Watch our educational content, quiz creation guides, and fun videos on Sporcle TV.

Show Comments

Extras

Top Quizzes Today


Score Distribution

Paid Content

Your Account Isn't Verified!

In order to create a playlist on Sporcle, you need to verify the email address you used during registration. Go to your Sporcle Settings to finish the process.

Report this User

Report this user for behavior that violates our Community Guidelines.

Details: